000 00306nam a22001337a 4500
008 170303b xxu||||| |||| 00| 0 eng d
020 _a9789951460194
041 _aALB
080 _23 ED
_a575
100 _a6
101 _aSHM
245 _aBAZAT INXHINIERINGUT GJENETIK
_cNICHOLL.D.S.T
942 _2udc
_cBK
999 _c6712
_d6712